| 000 | 00853cad a2200217 4500 | ||
|---|---|---|---|
| 001 | L158551 | ||
| 008 | 110505u2013 000 0 eng u | ||
| 035 | _a(Sirsi) u158551 | ||
| 041 | 0 | _aeng | |
| 110 | 2 |
_aConstruction Industry Council _92417 |
|
| 245 |
_aBest practice guide for Professional Indemnity insurance when using BIM _h[electronic resource] |
||
| 260 |
_aLondon _bConstruction Industry Council _c2013 |
||
| 520 | _aDeals with those aspects of BIM which relate to Professional Indemnity insurance. | ||
| 590 | _aKA NTK | ||
| 650 | _aPROFESSIONAL INDEMNITY INSURANCE | ||
| 650 |
_aBIM _96219 |
||
| 651 | 4 |
_aUnited Kingdom _y |
|
| 690 |
_aBIM _96219 |
||
| 856 | 4 | 0 |
_uhttps://cic.org.uk/download.php?f=best-practice-guide-for-professional-indemnity-insurance-when-using-bim.pdf _zView this item free of charge at www.cic.org.uk |
| 942 | _n0 | ||
| 999 |
_c115376 _d115376 |
||